00340 a2200097 4500001001000000005001700010008004100027245008500068100002200153773006700175ART_1039220260410161732.0260409a 10aPautas presupuestarias 1986 y la Carta Intención remitida al F.M.I del 23-2-861 aRossi, Rodolfo C.0 tEjecutivos de finanzasg- Año 3, Nº 25 (mar. 1986)wREV2863